000 00581nam a22001937a 4500
999 _c61853
_d61853
005 20240529160042.0
008 240529s2007 enk||||| |||| 00| 0 eng d
020 _a9781405157094x
041 _aeng
080 _a617.7 J-22
100 _aJames, Bruce
_922220
245 _aLecture Notes: Ophthalmology /
_cBruce James, Chris Chew, An. Bron.
250 _aTenth edition
264 _aHong Kong :
_bBlackwell,
_c2007.
300 _a300 p.:
_bill.;
_c22 cm.
653 _aოფთალმოლოგია
653 _aმედიცინა
942 _2udc
_cᲬᲘᲒᲜᲘ